000 00655nam a2200193 i 4500
001 184617
003 ES-MaACL
005 20240528062853.0
008 151027s1936 sp |||| | spa d
100 1 _aEntrambasaguas, Joaquín de,
_d1904-1995
_947309
245 1 0 _aVida de Lope de Vega /
_cpor J. de Entrambasaguas y Peña.
260 _aBarcelona :
_bLabor,
_c1936.
300 _a271 p. :
_b8 lám. ;
_c19 cm.
490 1 _aColección Pro Ecclesia et Patria ;
_v11
600 1 4 _aVega, Lope de,
_d1562-1635
_9113563
830 0 _aColección Pro Ecclesia et Patria ;
_v11
_9192193
852 _aES-MaACL
_jC-29144
999 _c184617
_d184617